Films avec Bernard Blier en images (Vol.2) - Statistiques

Statistiques générales
  • Ce quiz a été pris 15 fois
  • Le résultat moyen est 6 sur 16
Statistiques - réponses
Par images Réponse % Correct
Le Président
86%
Le Retour du Grand blond
71%
Calmos
57%
Faut pas prendre les enfants du bon Dieu pour des canards sauvages
50%
Le Monocle noir
50%
Marie-Octobre
50%
Le corps de mon ennemi
43%
Les Grandes familles
43%
Elle boit pas, elle fume pas, elle drague pas mais... elle cause !
36%
Le Cri du cormoran le soir au-dessus des jonques
29%
Les Chinois à Paris
29%
Le Septième juré
29%
Un idiot à Paris
29%
Gribouille
14%
Laisse aller... c'est une valse !
14%
Le jour se lève
14%
Aucun quiz correspondant
Distribution des résultats
% des personnes avec chaque résultat
Percentile par nombre de réponses
Votre historique - résultats
Vous n’avez pas pris ce quiz